000 00487nam a22001697a 4500
001 00028619
005 20260321104559.0
008 260321b ag ||||| |||| 00| 0 spa d
040 _bspa
_cAR-CcCEOS
080 _a159.99
090 _bCUA
245 _aCuadernos Sigmund Freud 15 :
_bLo Real, lo Simbólico y lo imaginario en la Transferencia
260 _aBuenos Aires :
_bEscuela Freudiana,
_cc1992.
300 _a156 p. ;
_c26x15 cm.
650 0 _apsicología
942 _2udc
_cBK
999 _c28649
_d28649
945 _a66467
_bMelina Rolando
_c66467
_dMelina Rolando